00658nam a2200229Ia 4500001000600000003000900006008004100015040001300056040001300069041001300082100002100095100002900116245004500145245003600190250001100226260001100237260001300248260004900261300005700310650003000367650003100397 6277IT-RoPAU130308s9999 xx 000 0 und d aIT-RoPAU cIT-RoPAU aITALIANO aEjchenbaum Boris gCodice Aut. SPICS: 6982 aProblemi dello stile cinematografico (I) bFormalisti russi nel Cinema (I) a1a ed. aMILANO bGarzanti c1971 [1° Ed.:1971 - Ed.Ling.Originale:1927] a"40 p. (prefazione: no ; testo: 40 [pagine: 13-52])" aTEORICHE CINEMATOGRAFICHE eCodice materia Spics: 6805